Detekcia neštandardných stavov v operačnom systéme

Saved in:
Bibliographic Details
Main Author: Žáry, Ondrej (Author)
Other Authors: Steinmuller, Branislav, 1972- (Thesis advisor)
Format: Manuscript Book
Language:Slovak
Published: Bratislava : STU, 2006
Subjects:
Tags: Add Tag
No Tags, Be the first to tag this record!

MARC

LEADER 00000ntm a22000003a 4500
001 stu139234
005 20180313150713.3
008 070326s2006----xo------------------slo-d
040 |a STU  |b slo 
041 0 |a slo 
044 |a xo 
100 1 |a Žáry, Ondrej  |4 aut 
245 1 |a Detekcia neštandardných stavov v operačnom systéme 
260 |a Bratislava :  |b STU,  |c 2006 
300 |a 46 s  |c príl. 
650 7 |a softvérové inžinierstvo  |2 stusub 
700 1 |a Steinmuller, Branislav,  |d 1972-  |4 ths  |u I300  |U FIIT Fakulta informatiky a informačných technológií  |T FIIT Ústav aplikovanej informatiky  |X 1920  |U I300  |Y 180  |7 1920 
996 |c I*DP96/06  |l II680  |s P  |a 0  |w stu139234_0001